The deserter /

Сохранить в:
Библиографические подробности
Главный автор: Macdonnell, J. E. (James Edmond), 1917-
Формат:
Язык:English
Опубликовано: Cammeray, [N.S.W.] : Horwitz, 1983.
Редактирование:Collectors ed.
Серии:J.E. Macdonnell collector's series ; 62
Castle books
LEADER 01078cam a2200289 a 4500
001 c000263942
003 CARM
005 20070703114736.0
008 830309s1983 xna 000 1 eng d
019 1 |a 2463959  |5 LACONCORD2021 
020 |a 0725513764 (pbk.) :  |c $2.95 Aust 
035 |a (OCoLC)27564161  |5 LACONCORD2021 
040 |a ANL  |d ANL  |c VCAV 
042 |a anuc 
082 0 4 |a 823.3  |2 22 
100 1 |a Macdonnell, J. E.  |q (James Edmond),  |d 1917- 
245 1 4 |a The deserter /  |c J.E. Macdonnell. 
250 |a Collectors ed. 
260 |a Cammeray, [N.S.W.] :  |b Horwitz,  |c 1983. 
300 |a 130 p. ;  |c 18 cm. 
490 0 |a J.E. Macdonnell collector's series ;  |v 62 
490 0 |a Castle books 
500 |a Novels in English. Australian writers, 1945-. Texts (ANB/PRECIS SIN 0370258) 
500 |a First published: Sydney : Horwitz, 1965. 
852 8 |b CARM  |h A1:AN11A0  |i A04288  |p 0381047  |f BK 
999 f f |i 6e5b0f13-4ca4-55de-81cc-09762da02c57  |s ac23c6fe-4772-59bf-a575-5c2a07408498 
952 f f |p Can circulate  |a CAVAL  |b CAVAL  |c CAVAL  |d CARM 1 Store  |e A04288  |f A1:AN11A0  |h Other scheme  |i book  |m 0381047